| 000 | 01169nam a2200277Ia 4500 | ||
|---|---|---|---|
| 001 | 271-DAV an vi (13971) | ||
| 003 | IT-MiSPE | ||
| 008 | 171229s9999||||xx |||||||||||||| ||und|| | ||
| 040 |
_aIT-MiSPE _cIT-MiSPE |
||
| 041 | _aITALIANO | ||
| 100 | _aAnselme Davril | ||
| 240 | _aLa vie des moines au temps des grandes abbayes | ||
| 245 | 0 |
_aLa vita dei monaci _bAl tempo delle grandi abbazie |
|
| 250 | _a1a ed. (v) | ||
| 260 |
_aCinisello B.mo _bSan Paolo _c2002 |
||
| 300 |
_a327 p. _c22 cm |
||
| 490 |
_aVie della storia _v3 |
||
| 500 | _aMonachesimo - Storia | ||
| 501 | _aEdizioni San Paolo srl - Piazza Soncino, 5 - 20092 CINISELLO BALSAMO (MI) (non commercial uses only) ® Copyright 2018 | ||
| 520 | _aTav. | ||
| 700 | _aÉric Palazzo | ||
| 700 |
_aPierluigi Fiorini _g(traduzione) |
||
| 942 | _cBK | ||
| 957 | _71 | ||
| 999 |
_a347 _bNO _g Copie: 1 _c348239 _d348239 |
||